| 000 | 004830000a22001810004500 | ||
|---|---|---|---|
| 003 | MACL | ||
| 005 | 20151219154121.0 | ||
| 008 | 151219b xxu||||| |||| 00| 0 eng d | ||
| 040 |
_aMACL _cMACL |
||
| 041 | _aEnglish | ||
| 082 | _a677.028/HAR | ||
| 100 |
_aLyric Books Ltd _921487 |
||
| 245 |
_aThe Complete Harmony Guide to Machine Knitting _bStitches and Designs |
||
| 260 |
_bLyric Books Ltd _c1992 |
||
| 350 | _a712 | ||
| 650 |
_aTextiles _96971 |
||
| 942 |
_cBK _k677.028/HAR _2ddc |
||
| 999 |
_c40145 _d40145 |
||